[Event "Rated Blitz game"]
[Site "?"]
[Date "2021.05.26"]
[Round "?"]
[White "MagiqueRoger"]
[Black "RiskyBlitzer"]
[Result "0-1"]
[WhiteElo "2439"]
[BlackElo "2504"]
[PlyCount "64"]
[EventDate "2021.??.??"]
[EventType "blitz"]

1. e4 e5 2. Nf3 d5 3. exd5 e4 4. Qe2 Nf6 5. d3 Bb4+ 6. Bd2 O-O 7. dxe4 Re8 8.
e5 Nxd5 9. Bxb4 Nxb4 10. a3 N4c6 11. Nbd2 Bg4 12. O-O-O Rxe5 13. Qc4 Be6 14.
Qc3 Rd5 15. Bc4 Rd7 16. Bxe6 fxe6 17. Qb3 a5 18. Qxe6+ Kh8 19. Ne4 h6 20. Nc5
Qe7 21. Rxd7 Qxe6 22. Nxe6 Nxd7 23. Rd1 Nf6 24. Nxc7 Rc8 25. Nb5 Ne4 26. Nd6
Nxd6 27. Rxd6 b5 28. Rd7 b4 29. a4 b3 30. c3 Re8 31. Kd2 Ne7 32. Rd5 Nxd5 {
Normal} 0-1

[Event "Rated Blitz game"]
[Site "?"]
[Date "2021.05.26"]
[Round "?"]
[White "Shirli-Mirli"]
[Black "khalid_ontawar"]
[Result "0-1"]
[WhiteElo "2441"]
[BlackElo "2407"]
[PlyCount "48"]
[EventDate "2021.??.??"]
[EventType "blitz"]

1. e4 e5 2. Nf3 d5 3. Bc4 dxc4 4. O-O Nc6 5. h3 Nf6 6. Qe2 Be6 7. b3 cxb3 8.
axb3 Bd6 9. c4 O-O 10. Nc3 Nd4 11. Nxd4 exd4 12. Nd5 Nxd5 13. cxd5 Bd7 14. f4
c5 15. d3 f6 16. e5 fxe5 17. fxe5 Rxf1+ 18. Kxf1 Be7 19. Qe4 Bg5 20. e6 Bb5 21.
Bxg5 Qxg5 22. d6 Re8 23. d7 Bxd7 24. exd7 Rxe4 {Normal} 0-1

[Event "Rated Blitz game"]
[Site "?"]
[Date "2021.05.26"]
[Round "?"]
[White "divergent_twin"]
[Black "TheMonsterNotTheNM"]
[Result "1/2-1/2"]
[WhiteElo "2492"]
[BlackElo "2471"]
[PlyCount "112"]
[EventDate "2021.??.??"]
[EventType "blitz"]

1. e4 e5 2. Nf3 d5 3. Nxe5 Bd6 4. d4 dxe4 5. Bc4 Bxe5 6. Qh5 Qe7 7. Qxe5 Qxe5
8. dxe5 Nc6 9. Nc3 Nxe5 10. Bb3 Ng6 11. Nxe4 Bf5 12. Ng3 Bd7 13. Bd2 f6 14.
O-O-O O-O-O 15. Rhe1 N8e7 16. Ne4 Bc6 17. f3 b6 18. Bb4 Nd5 19. Bd2 Ndf4 20. g3
Nd5 21. c4 Nde7 22. f4 h5 23. Nc3 h4 24. Nd5 Nxd5 25. cxd5 Bxd5 26. Bxd5 Rxd5
27. Bc3 Rxd1+ 28. Kxd1 hxg3 29. hxg3 Rh3 30. f5 Ne5 31. Bxe5 fxe5 32. Rxe5 Rxg3
33. Re7 Rg2 34. Kc1 Kb7 35. Rf7 a5 36. a4 Kc6 37. f6 gxf6 38. Rxf6+ Kc5 39. Rf4
c6 40. b3 b5 41. axb5 cxb5 42. Kb1 b4 43. Rf5+ Kd4 44. Rxa5 Kc3 45. Rc5+ Kxb3
46. Rc1 Rb2+ 47. Ka1 Rh2 48. Rg1 Ka3 49. Kb1 b3 50. Rf1 Rd2 51. Rg1 Rb2+ 52.
Ka1 Ra2+ 53. Kb1 Rh2 54. Ka1 Ra2+ 55. Kb1 Rb2+ 56. Ka1 Ra2+ {Normal} 1/2-1/2

[Event "Rated Blitz game"]
[Site "?"]
[Date "2021.05.26"]
[Round "?"]
[White "PimponNicois"]
[Black "Monkey_King"]
[Result "1-0"]
[WhiteElo "2384"]
[BlackElo "2569"]
[PlyCount "21"]
[EventDate "2021.??.??"]
[EventType "blitz"]

1. e4 e5 2. Nf3 d5 3. exd5 e4 4. Qe2 Nf6 5. d3 Qxd5 6. Nbd2 Bf5 7. dxe4 Nxe4 8.
Nh4 Bb4 9. Nxf5 Qxf5 10. c3 O-O 11. Qxe4 {Normal} 1-0

[Event "Rated Blitz game"]
[Site "?"]
[Date "2021.05.26"]
[Round "?"]
[White "SomeCM"]
[Black "KamranShirazi"]
[Result "0-1"]
[WhiteElo "2429"]
[BlackElo "2570"]
[PlyCount "57"]
[EventDate "2021.??.??"]
[EventType "blitz"]

1. e4 e5 2. Nf3 d5 3. d3 dxe4 4. dxe4 Qxd1+ 5. Kxd1 Nc6 6. Bb5 Bd7 7. Be3 O-O-O
8. Kc1 f6 9. c3 Nge7 10. Nbd2 Ng6 11. Rd1 Nf4 12. Bxf4 exf4 13. Kc2 Nb4+ 14.
cxb4 Bxb5 15. a3 Be2 16. Re1 Bd3+ 17. Kc3 c5 18. Nb3 cxb4+ 19. axb4 Kb8 20.
Rad1 a5 21. bxa5 Rc8+ 22. Kxd3 Bb4 23. Nfd2 Rhd8+ 24. Ke2 Rc2 25. Kf3 g5 26.
Re2 h5 27. h3 Rd3+ 28. Re3 fxe3 29. fxe3 {Normal} 0-1

[Event "Rated Blitz game"]
[Site "?"]
[Date "2021.05.26"]
[Round "?"]
[White "SomeCM"]
[Black "KamranShirazi"]
[Result "1-0"]
[WhiteElo "2434"]
[BlackElo "2565"]
[PlyCount "49"]
[EventDate "2021.??.??"]
[EventType "blitz"]

1. e4 e5 2. Nf3 d5 3. exd5 e4 4. Qe2 Nf6 5. d3 Bb4+ 6. c3 O-O 7. dxe4 Bc5 8.
Bg5 c6 9. e5 Re8 10. Bxf6 gxf6 11. Nbd2 cxd5 12. O-O-O Nc6 13. Nb3 Bb6 14. Qb5
fxe5 15. Rxd5 Qf6 16. Nc5 e4 17. Nd4 Nxd4 18. Qxe8+ Kg7 19. cxd4 Qxf2 20. Qe5+
Kg8 21. Qg3+ Qxg3 22. hxg3 Bg4 23. Rg5+ Kf8 24. Rxg4 Rd8 25. Rxe4 {Normal} 1-0

[Event "Rated Blitz game"]
[Site "?"]
[Date "2021.05.26"]
[Round "?"]
[White "Suffkopf97"]
[Black "KinzyabulatovRenat"]
[Result "1-0"]
[WhiteElo "2405"]
[BlackElo "2340"]
[PlyCount "59"]
[EventDate "2021.??.??"]
[EventType "blitz"]

1. e4 e5 2. Nf3 d5 3. exd5 e4 4. Qe2 Nf6 5. c4 Be7 6. Nd4 c6 7. Nc3 O-O 8. d3
Bb4 9. Nc2 Bxc3+ 10. bxc3 Re8 11. d4 cxd5 12. Bg5 Nc6 13. cxd5 Qxd5 14. Bxf6
gxf6 15. Qe3 Ne7 16. c4 Qa5+ 17. Qd2 Qa4 18. Ne3 f5 19. g3 Ng6 20. Nd5 Rd8 21.
h4 Kh8 22. h5 Nf8 23. Be2 Be6 24. Qg5 Bxd5 25. Qf6+ Kg8 26. h6 Ne6 27. cxd5
Rxd5 28. Rh5 Qxd4 29. Qxd4 Nxd4 30. Rxf5 {Time forfeit} 1-0

[Event "Rated Blitz game"]
[Site "?"]
[Date "2021.05.26"]
[Round "?"]
[White "OnkelKonkel"]
[Black "annaly1979"]
[Result "1-0"]
[WhiteElo "2556"]
[BlackElo "2459"]
[PlyCount "39"]
[EventDate "2021.??.??"]
[EventType "blitz"]

1. e4 e5 2. Nf3 d5 3. Nxe5 Qe7 4. d4 f6 5. Ng4 Nc6 6. Be2 Qxe4 7. O-O Qxd4 8.
Nd2 Bd6 9. c3 Qf4 10. Nc4 Qf5 11. Nxd6+ cxd6 12. Ne3 Qd7 13. Nxd5 Nge7 14. Bh5+
Kf8 15. Re1 Qf5 16. Nxe7 Nxe7 17. Qxd6 Qd7 18. Bf4 g6 19. Qxf6+ Kg8 20. Rxe7 {
Normal} 1-0

[Event "Rated Blitz game"]
[Site "?"]
[Date "2021.05.26"]
[Round "?"]
[White "Hollow07"]
[Black "TheMonsterNotTheNM"]
[Result "1-0"]
[WhiteElo "2538"]
[BlackElo "2469"]
[PlyCount "63"]
[EventDate "2021.??.??"]
[EventType "blitz"]

1. e4 e5 2. Nf3 d5 3. Nxe5 Bd6 4. d4 dxe4 5. Bf4 Nf6 6. Bc4 O-O 7. Nc3 Qe7 8.
Qe2 Nc6 9. Nxc6 bxc6 10. Bg5 Bf5 11. g4 Bg6 12. h4 h6 13. h5 Bh7 14. Bh4 Bf4
15. Rg1 Rab8 16. Bb3 Qd6 17. g5 Nd5 18. gxh6 Bxh6 19. Nxd5 cxd5 20. Bg5 c6 21.
Qe3 Kh8 22. O-O-O f5 23. f4 exf3 24. Qxf3 Bxg5+ 25. Rxg5 Qh6 26. Rdg1 Rbe8 27.
Qf2 Re4 28. c3 Rg4 29. R1xg4 fxg4 30. Qxf8+ Bg8 31. Qf4 g3 32. Qxg3 {Normal}
1-0

[Event "Rated Blitz tournament meWytowc"]
[Site "?"]
[Date "2021.05.26"]
[Round "?"]
[White "Dolphin_2010"]
[Black "KappaGolden"]
[Result "1-0"]
[WhiteElo "2536"]
[BlackElo "2306"]
[PlyCount "49"]
[EventDate "2021.??.??"]
[EventType "blitz"]

1. e4 e5 2. Nf3 d5 3. exd5 e4 4. Qe2 Nf6 5. d3 Qxd5 6. Nbd2 Be6 7. dxe4 Qc5 8.
e5 Nd5 9. c3 Nc6 10. Nb3 Qb6 11. Bg5 Be7 12. Bxe7 Ncxe7 13. Nfd4 c5 14. Qb5+
Kf8 15. Nxc5 Rd8 16. Ndxe6+ fxe6 17. Nd7+ Rxd7 18. Qxd7 Kf7 19. O-O-O Qxf2 20.
Bd3 Qe3+ 21. Kb1 Qxe5 22. Rhf1+ Nf6 23. Ka1 Qxh2 24. Bc4 Kg6 25. Qxe7 {Normal}
1-0

[Event "Rated Blitz game"]
[Site "?"]
[Date "2021.05.26"]
[Round "?"]
[White "totoff"]
[Black "Junior072001"]
[Result "1-0"]
[WhiteElo "2453"]
[BlackElo "2278"]
[PlyCount "91"]
[EventDate "2021.??.??"]
[EventType "blitz"]

1. e4 e5 2. Nf3 d5 3. Nxe5 dxe4 4. d4 exd3 5. Bxd3 Bd6 6. Nc4 Be7 7. O-O Nf6 8.
Nc3 O-O 9. Bf4 c6 10. Re1 Nbd7 11. Nd6 Nc5 12. Nxc8 Rxc8 13. Bf5 Ra8 14. Qxd8
Bxd8 15. Bd6 Bb6 16. Bxf8 Kxf8 17. Ne4 Ncxe4 18. Bxe4 Rd8 19. Bd3 Ng4 20. Re2
Rd6 21. h3 Nf6 22. Rae1 Rd7 23. g3 g6 24. Kg2 Nd5 25. a3 Bd4 26. c3 Bf6 27. Bc4
Nb6 28. Bb3 a5 29. Re8+ Kg7 30. Rd1 Rxd1 31. Bxd1 Nc4 32. Rb8 Nxb2 33. Bb3 b5
34. Rb7 Bxc3 35. Rxf7+ Kh6 36. Rc7 b4 37. a4 Kg5 38. Rxc6 Bd4 39. f4+ Kh6 40.
Rc7 g5 41. Bc2 gxf4 42. gxf4 Bg7 43. h4 b3 44. Bxb3 Nd3 45. Kg3 Kg6 46. Bc2 {
Normal} 1-0

[Event "Rated Blitz game"]
[Site "?"]
[Date "2021.05.26"]
[Round "?"]
[White "Mabaia73"]
[Black "magos33"]
[Result "0-1"]
[WhiteElo "2418"]
[BlackElo "2379"]
[PlyCount "140"]
[EventDate "2021.??.??"]
[EventType "blitz"]

1. e4 e5 2. Nf3 d5 3. d4 dxe4 4. Nxe5 Bd6 5. Nc4 Nf6 6. Ne3 O-O 7. Bc4 Qe7 8.
O-O Be6 9. Be2 c6 10. c4 a5 11. Re1 Na6 12. Nc3 Qc7 13. Nf1 Rad8 14. a3 Bf4 15.
Be3 Rfe8 16. Qd2 Bxe3 17. Nxe3 Nc5 18. Qd1 a4 19. Nxa4 Nxa4 20. Qxa4 Rxd4 21.
Red1 Red8 22. Rxd4 Rxd4 23. Rd1 Rxd1+ 24. Qxd1 h6 25. Qd4 c5 26. Qc3 b6 27. b4
Qd6 28. b5 Qd4 29. Qc1 Nd7 30. a4 Ne5 31. h3 Nd3 32. Qc2 Qa1+ 33. Kh2 f5 34. g3
Nxf2 35. Bf1 Nd3 36. Bxd3 exd3 37. Qxd3 Qxa4 38. Nxf5 Bxf5 39. Qxf5 Qxc4 40.
Qc8+ Kf7 41. Qc7+ Kg8 42. Qxb6 Qe2+ 43. Kg1 c4 44. Qd8+ Kh7 45. Qd5 Qe1+ 46.
Kh2 Qf2+ 47. Kh1 Qf1+ 48. Kh2 Qf2+ 49. Qg2 Qxg2+ 50. Kxg2 c3 51. Kf2 c2 52. Ke2
c1=Q 53. b6 Qc6 54. Kd3 Qxb6 55. Ke4 Qg1 56. Kf3 g5 57. h4 gxh4 58. gxh4 Qh2
59. Kg4 Kg6 60. h5+ Qxh5+ 61. Kf4 Qf5+ 62. Kg3 Qe4 63. Kh3 Qf4 64. Kg2 Qe3 65.
Kh2 Qf3 66. Kg1 Qe2 67. Kh1 Kg5 68. Kg1 Kg4 69. Kh1 Kg3 70. Kg1 Qg2# {Normal}
0-1

[Event "Rated Blitz game"]
[Site "?"]
[Date "2021.05.26"]
[Round "?"]
[White "tucoperez"]
[Black "Slimslik02"]
[Result "1/2-1/2"]
[WhiteElo "2418"]
[BlackElo "2342"]
[PlyCount "98"]
[EventDate "2021.??.??"]
[EventType "blitz"]

1. e4 e5 2. Nf3 d5 3. Nxe5 Bd6 4. d4 dxe4 5. Be3 Bxe5 6. dxe5 Qxd1+ 7. Kxd1 Nc6
8. Bb5 Bg4+ 9. Kc1 Nge7 10. Nd2 O-O-O 11. Nxe4 Nxe5 12. Bxa7 Rd5 13. a4 c6 14.
Nc3 cxb5 15. Nxd5 Nxd5 16. axb5 b6 17. f4 Nd7 18. h3 Bf5 19. g4 Be4 20. Re1 Re8
21. Ra4 Nc5 22. Rd4 Kb7 23. Rxd5 Bxd5 24. Rxe8 Kxa7 25. b4 Ne4 26. c4 Bb7 27.
Re7 Nf2 28. Kd2 Nxh3 29. c5 bxc5 30. bxc5 Kb8 31. c6 Bc8 32. Rxf7 g5 33. f5 Nf4
34. b6 Nd5 35. b7 Bxb7 36. Rxb7+ Kc8 37. Rxh7 Nb4 38. c7 Nd5 39. Kd3 Nf6 40.
Rf7 Nxg4 41. f6 Ne5+ 42. Ke4 Nxf7 43. Kf5 Kxc7 44. Ke6 Nd8+ 45. Kf5 Kd7 46.
Kxg5 Ke6 47. Kg6 Nf7 48. Kg7 Ne5 49. f7 Nxf7 {Normal} 1/2-1/2

[Event "Rated Blitz game"]
[Site "?"]
[Date "2021.05.26"]
[Round "?"]
[White "Fabian_Of_Athens"]
[Black "terrorboy"]
[Result "0-1"]
[WhiteElo "2338"]
[BlackElo "2453"]
[PlyCount "102"]
[EventDate "2021.??.??"]
[EventType "blitz"]

1. e4 e5 2. Nf3 d5 3. exd5 e4 4. Qe2 Nf6 5. d3 Qxd5 6. Nc3 Bb4 7. Nd2 Bxc3 8.
bxc3 Bf5 9. f3 e3 10. Qxe3+ Be6 11. c4 Qa5 12. Kd1 O-O 13. Nb3 Qa4 14. Nc5 Qc6
15. Nxe6 fxe6 16. Bb2 Nbd7 17. d4 e5 18. d5 Qa4 19. Qb3 Qa5 20. Bd3 a6 21. Qc3
Qb6 22. Ba3 Nc5 23. Qb4 Nxd3 24. Qxb6 cxb6 25. cxd3 Rfc8 26. Rc1 b5 27. Re1
bxc4 28. dxc4 b5 29. Rxe5 bxc4 30. g4 h6 31. h4 Rab8 32. g5 hxg5 33. hxg5 Nd7
34. Re6 c3 35. Rc6 Re8 36. R6xc3 Re5 37. d6 Rxg5 38. Rc7 Rd8 39. R1c3 Rg2 40.
Bc1 Nf6 41. Rd3 Rxa2 42. Bg5 Ra5 43. Bxf6 gxf6 44. Ke2 Re5+ 45. Kf2 Kf8 46. Kg3
a5 47. f4 Re6 48. Rc6 f5 49. Kh4 Rg6 50. Kh5 Kf7 51. Rd5 Rh8# {Normal} 0-1

[Event "Rated Blitz game"]
[Site "?"]
[Date "2021.05.26"]
[Round "?"]
[White "ndmu_kingpin"]
[Black "annaly1979"]
[Result "1-0"]
[WhiteElo "2585"]
[BlackElo "2453"]
[PlyCount "69"]
[EventDate "2021.??.??"]
[EventType "blitz"]

1. e4 e5 2. Nf3 d5 3. Nxe5 Qe7 4. d4 f6 5. Ng4 Nc6 6. c3 dxe4 7. Ne3 f5 8. g3
Nf6 9. Bc4 Be6 10. Bxe6 Qxe6 11. d5 Qd6 12. dxc6 Qxc6 13. O-O f4 14. gxf4 Bd6
15. Qb3 O-O-O 16. Qe6+ Kb8 17. Na3 Rhe8 18. Qf5 h5 19. Nac4 Bc5 20. Ne5 Qb6 21.
b4 Bd6 22. N3c4 Qb5 23. a4 Qa6 24. b5 Bxe5 25. bxa6 Bxc3 26. Rb1 b6 27. a5 Bd4
28. Be3 Bxe3 29. fxe3 Rd5 30. Qg6 Rc5 31. axb6 axb6 32. Nxb6 cxb6 33. Qf7 Rc7
34. Rxb6+ Kc8 35. Qb3 {Normal} 1-0

[Event "Rated Blitz game"]
[Site "?"]
[Date "2021.05.26"]
[Round "?"]
[White "wizardbar"]
[Black "oALYHoTANGzKi"]
[Result "1-0"]
[WhiteElo "2444"]
[BlackElo "2344"]
[PlyCount "85"]
[EventDate "2021.??.??"]
[EventType "blitz"]

1. e4 e5 2. Nf3 d5 3. exd5 e4 4. Qe2 Nf6 5. Nc3 Be7 6. Nxe4 O-O 7. d3 Qxd5 8.
Nc3 Qa5 9. Bd2 Nc6 10. Ne4 Qb6 11. O-O-O Bg4 12. Be3 Qa6 13. a3 Nd5 14. h3 Bh5
15. g4 Bg6 16. Nc5 Bxc5 17. Bxc5 Rfe8 18. Qd2 Rad8 19. d4 b6 20. Bxa6 bxc5 21.
dxc5 Be4 22. Ng5 Bxh1 23. Rxh1 Ndb4 24. Qf4 Nxa6 25. Qxf7+ Kh8 26. Qh5 h6 27.
Nf7+ Kg8 28. Nxd8 Rxd8 29. Re1 Nab8 30. Re8+ Rxe8 31. Qxe8+ Kh7 32. b4 a6 33.
c4 g5 34. h4 gxh4 35. f4 h3 36. f5 h2 37. Qg6+ Kh8 38. Qxh6+ Kg8 39. Qxh2 Nd7
40. Qh6 Nce5 41. f6 Kf7 42. Qg7+ Ke6 43. Qe7# {Normal} 1-0

[Event "Rated Blitz tournament 08HMMKNc"]
[Site "?"]
[Date "2021.05.26"]
[Round "?"]
[White "octo_dami"]
[Black "om_gendut"]
[Result "0-1"]
[WhiteElo "2363"]
[BlackElo "2405"]
[PlyCount "98"]
[EventDate "2021.??.??"]
[EventType "blitz"]

1. e4 e5 2. Nf3 d5 3. exd5 e4 4. Qe2 Be7 5. Nd4 Qxd5 6. Qb5+ Qxb5 7. Nxb5 Na6
8. d3 exd3 9. Bxd3 c6 10. N5c3 Nb4 11. O-O Nf6 12. Re1 Nxd3 13. cxd3 Be6 14.
Ne4 O-O-O 15. Bg5 Rxd3 16. Bxf6 gxf6 17. Nbc3 Rhd8 18. h3 f5 19. Ng3 Bc5 20.
Nf1 Bd4 21. Rac1 Kc7 22. Nb5+ Kb6 23. Nxd4 R8xd4 24. a3 a5 25. Re3 f4 26. Rxd3
Rxd3 27. f3 Kb5 28. Kf2 Rd8 29. Rc2 Bc4 30. Nd2 Bd3 31. Rc3 Bg6 32. Ke1 Re8+
33. Kf2 Rd8 34. Ke1 Ka6 35. Ke2 Rg8 36. Kf2 Re8 37. Rc4 Rd8 38. Ke1 Re8+ 39.
Kd1 h5 40. Rxf4 b5 41. g4 Kb6 42. gxh5 Bxh5 43. Ne4 Rd8+ 44. Kc1 Bg6 45. Nc3
Rh8 46. h4 Re8 47. Kd2 Rd8+ 48. Kc1 Rd3 49. Kc2 Rxf3+ {Normal} 0-1

[Event "Rated Blitz tournament g2d3aTDb"]
[Site "?"]
[Date "2021.05.26"]
[Round "?"]
[White "espinozasgod"]
[Black "CarlitosCL"]
[Result "1-0"]
[WhiteElo "2482"]
[BlackElo "2262"]
[PlyCount "109"]
[EventDate "2021.??.??"]
[EventType "blitz"]

1. e4 e5 2. Nf3 d5 3. exd5 Qxd5 4. Nc3 Qe6 5. Qe2 Bd6 6. d4 exd4 7. Nxd4 Qxe2+
8. Bxe2 a6 9. Bg5 Ne7 10. O-O-O O-O 11. Bf3 Nbc6 12. Kb1 h6 13. Bh4 Nxd4 14.
Rxd4 Nf5 15. Re4 Nxh4 16. Rxh4 f5 17. Rd4 Be5 18. Rd3 Bxc3 19. Rxc3 c6 20. Re1
Kf7 21. Rce3 f4 22. Re7+ Kf6 23. b3 Rb8 24. h3 Bf5 25. Kb2 Rfd8 26. R1e2 g5 27.
Bh5 Rd7 28. R7e5 Rd5 29. Re7 Rd7 30. R7e5 Rd5 31. Rxd5 cxd5 32. Bf3 Rd8 33. Rd2
Be6 34. c4 Ke5 35. Kc3 d4+ 36. Kb4 b6 37. a4 d3 38. Kc3 Bf5 39. b4 Rc8 40. Bg4
Rc7 41. Bxf5 Kxf5 42. Rxd3 b5 43. axb5 axb5 44. c5 h5 45. Rd5+ Kg6 46. Rd6+ Kf5
47. Kd4 g4 48. c6 f3 49. hxg4+ Kxg4 50. gxf3+ Kxf3 51. Rh6 h4 52. Kc5 Kg4 53.
Kb6 Rc8 54. c7 h3 55. Kb7 {Normal} 1-0

[Event "Rated Rapid game"]
[Site "?"]
[Date "2021.05.26"]
[Round "?"]
[White "SANDIP_ADHIKARI"]
[Black "Nobunaga_Oda"]
[Result "1-0"]
[WhiteElo "2467"]
[BlackElo "2273"]
[PlyCount "48"]
[EventDate "2021.??.??"]
[EventType "rapid"]

1. e4 e5 2. Nf3 d5 3. exd5 Bd6 4. Nc3 Nf6 5. Bc4 e4 6. Ng5 O-O 7. O-O Re8 8.
Re1 Bxh2+ 9. Kxh2 Ng4+ 10. Kg1 Qxg5 11. f3 Nf6 12. Nxe4 Nxe4 13. d3 Qg6 14.
dxe4 Bh3 15. Qd2 Nd7 16. Qg5 Qb6+ 17. Be3 Qb4 18. Be2 f5 19. gxh3 fxe4 20. f4
Nf6 21. Rad1 Rad8 22. c4 Qxb2 23. Bd4 Qxa2 24. Bxf6 Rd7 {Normal} 1-0

[Event "Rated Blitz game"]
[Site "?"]
[Date "2021.05.26"]
[Round "?"]
[White "Alex_svd"]
[Black "Pashkomarku"]
[Result "1-0"]
[WhiteElo "2460"]
[BlackElo "2280"]
[PlyCount "49"]
[EventDate "2021.??.??"]
[EventType "blitz"]

1. e4 e5 2. Nf3 d5 3. Nxe5 Qe7 4. d4 f6 5. Ng4 dxe4 6. Bc4 Nc6 7. Ne3 f5 8. O-O
g5 9. Qh5+ Kd8 10. Nd5 Qe8 11. Bxg5+ Be7 12. Qh4 h6 13. Nxe7 Ngxe7 14. Bf6 Rh7
15. Nc3 Na5 16. Bb3 Nxb3 17. axb3 c6 18. d5 Qf7 19. d6 Be6 20. dxe7+ Ke8 21.
Rfd1 Bd7 22. Rxd7 Kxd7 23. Rd1+ Kc7 24. Qf4+ Kb6 25. Qe3+ {Normal} 1-0

[Event "Rated Blitz game"]
[Site "?"]
[Date "2021.05.26"]
[Round "?"]
[White "Blitzer14"]
[Black "annaly1979"]
[Result "0-1"]
[WhiteElo "2457"]
[BlackElo "2450"]
[PlyCount "60"]
[EventDate "2021.??.??"]
[EventType "blitz"]

1. e4 e5 2. Nf3 d5 3. exd5 e4 4. Ng1 f5 5. d3 Nf6 6. Nc3 Bb4 7. Bd2 Bxc3 8.
Bxc3 O-O 9. Qd2 Nxd5 10. O-O-O c6 11. g4 Nxc3 12. Qxc3 fxg4 13. dxe4 Qg5+ 14.
Kb1 Be6 15. Bc4 Bxc4 16. Qxc4+ Kh8 17. Qb4 Na6 18. Qxb7 Nc5 19. Qxc6 Rac8 20.
Qd5 Qf4 21. Ne2 Qxf2 22. Nc3 h6 23. a3 Rfe8 24. Rdf1 Qg2 25. Rhg1 Qh3 26. Rf4
Qxh2 27. Rfxg4 Ne6 28. R4g2 Qc7 29. Qh5 Nf4 30. Qg6 Nxg6 {Normal} 0-1

[Event "Titled Tuesday 25th May"]
[Site "chess.com INT"]
[Date "2021.05.25"]
[Round "1"]
[White "Von Buelow, G.."]
[Black "Ambartsumova, K.."]
[Result "1-0"]
[WhiteElo "2361"]
[BlackElo "2382"]
[PlyCount "127"]
[EventDate "2021.05.25"]

1. e4 e5 2. Nf3 d5 3. exd5 e4 4. Qe2 Nf6 5. d3 Qxd5 6. Nbd2 Bf5 7. dxe4 Bxe4 8.
Ng5 Qxg5 9. Nxe4 Qe5 10. Nxf6+ gxf6 11. Bf4 Qxe2+ 12. Bxe2 Bb4+ 13. c3 Ba5 14.
Bf3 c6 15. O-O-O O-O 16. Rhe1 Na6 17. Re7 Nc5 18. b4 Bd8 19. Re3 Ne6 20. Bh6
Re8 21. Bh5 Bb6 22. Rg3+ Kh8 23. Bxf7 Re7 24. Bxe6 Rxe6 25. Bg7+ Kg8 26. Bxf6+
Kf7 27. Bd4 Bxd4 28. Rxd4 Re1+ 29. Kc2 Re2+ 30. Rd2 Rae8 31. Rf3+ Kg7 32. a4
Re1 33. Rd7+ R8e7 34. Rxe7+ Rxe7 35. Kd2 Rd7+ 36. Rd3 Re7 37. a5 a6 38. h4 Kf7
39. Rf3+ Kg7 40. Re3 Rd7+ 41. Ke2 h5 42. f3 Kg6 43. g4 hxg4 44. fxg4 Rh7 45.
h5+ Kg5 46. Re4 Rd7 47. Rd4 Re7+ 48. Kd3 Rf7 49. Kc4 Rc7 50. Kc5 Rf7 51. Kb6
Re7 52. c4 Rf7 53. b5 cxb5 54. cxb5 axb5 55. Kxb5 Re7 56. Kb6 Rf7 57. Rc4 Re7
58. Rc7 Re5 59. Rg7+ Kh6 60. Rxb7 Re6+ 61. Kb5 Re5+ 62. Kb6 Re6+ 63. Kc7 Ra6
64. Rb6+ 1-0

[Event "Rated Blitz game"]
[Site "?"]
[Date "2021.05.25"]
[Round "?"]
[White "murghimaster"]
[Black "Plyutazakhar"]
[Result "1-0"]
[WhiteElo "2401"]
[BlackElo "2364"]
[PlyCount "51"]
[EventDate "2021.??.??"]
[EventType "blitz"]

1. e4 e5 2. Nf3 d5 3. exd5 e4 4. Qe2 Qxd5 5. Nc3 Qd8 6. Nxe4 Be7 7. d4 Nd7 8.
Bg5 Ngf6 9. Bxf6 Nxf6 10. Nxf6+ gxf6 11. O-O-O Be6 12. d5 Bg4 13. Re1 Qd6 14.
Qe3 Bxf3 15. gxf3 Kd8 16. Bh3 a6 17. Kb1 Qe5 18. Qd3 Qd6 19. Qf5 Rb8 20. Re4
Re8 21. Rhe1 b5 22. Re6 fxe6 23. Rxe6 Qd7 24. Rb6 Qc8 25. Rxb8 Qxb8 26. Qd7# {
Normal} 1-0

[Event "Rated Blitz game"]
[Site "?"]
[Date "2021.05.25"]
[Round "?"]
[White "mrkica1964"]
[Black "Nisamjamajkemi"]
[Result "1-0"]
[WhiteElo "2442"]
[BlackElo "2325"]
[PlyCount "153"]
[EventDate "2021.??.??"]
[EventType "blitz"]

1. e4 e5 2. Nf3 d5 3. exd5 e4 4. Qe2 Nf6 5. d3 Bb4+ 6. c3 O-O 7. dxe4 Bc5 8.
Bg5 Re8 9. Nbd2 a6 10. O-O-O Bg4 11. Re1 Nbd7 12. h3 Bh5 13. g4 Bg6 14. Nh4 h6
15. Bxf6 Nxf6 16. Nxg6 fxg6 17. Bg2 b5 18. c4 Rb8 19. f4 bxc4 20. Qxc4 Nd7 21.
Nb3 Rb4 22. Qc2 Bf8 23. Kb1 Nb6 24. Rhf1 Rc4 25. Qd1 Qd6 26. e5 Qb4 27. d6 cxd6
28. exd6 Rxe1 29. Rxe1 Rxf4 30. d7 Nxd7 31. Bd5+ Kh7 32. a3 Qb8 33. Be6 Nf6 34.
Qc2 a5 35. Bf7 a4 36. Bxg6+ Kh8 37. Nc5 Qd6 38. Ne6 Rf3 39. Nxf8 Qxf8 40. Rc1
Re3 41. Qc8 Ne8 42. Qc2 Nf6 43. Qxa4 Rxh3 44. Qb4 Qd8 45. Qc4 Ng8 46. Bf5 Re3
47. Qc8 Re8 48. Qxd8 Rxd8 49. a4 Ne7 50. a5 Ra8 51. b4 Rb8 52. Rc4 Nd5 53. Kc1
Nxb4 54. Rc5 Na6 55. Rc6 Nb4 56. Rb6 Rxb6 57. axb6 Nc6 58. Kd2 Kg8 59. Be4 Nb8
60. Kc3 Kf7 61. Kd4 Ke6 62. Kc5 Kd7 63. Kc4 Kd6 64. Kb5 Nd7 65. Ka6 g5 66. b7
Nb8+ 67. Ka7 Kc7 68. Ka8 Na6 69. Bd5 Nb8 70. Bc4 Nd7 71. Bb5 Nb8 72. Ka7 h5 73.
gxh5 g4 74. h6 g3 75. Bf1 Nc6+ 76. Ka8 Nb8 77. h7 {Normal} 1-0

[Event "Rated Blitz game"]
[Site "?"]
[Date "2021.05.25"]
[Round "?"]
[White "agsjgm"]
[Black "liaqat321"]
[Result "1-0"]
[WhiteElo "2470"]
[BlackElo "2330"]
[PlyCount "93"]
[EventDate "2021.??.??"]
[EventType "blitz"]

1. e4 e5 2. Nf3 d5 3. Nxe5 Bd6 4. d4 dxe4 5. Nc4 Nf6 6. Bg5 Bf5 7. Nc3 O-O 8.
Ne3 Bg6 9. Be2 Nc6 10. Ncd5 Be7 11. Nxe7+ Qxe7 12. Nd5 Qd6 13. Nxf6+ gxf6 14.
Bh6 Rfe8 15. c3 f5 16. Qd2 a6 17. Bf4 Qe7 18. h4 h5 19. Bg5 Qd6 20. Qf4 Qd7 21.
Rh3 Ne7 22. Bxe7 Rxe7 23. Rg3 Kh7 24. Qg5 f4 25. Qxf4 e3 26. fxe3 Rae8 27. Qg5
Re6 28. Bxh5 c5 29. O-O-O cxd4 30. Rxd4 Qe7 31. Qxe7 R8xe7 32. Bxg6+ fxg6 33.
Kd2 Kh6 34. Rd5 Rf6 35. Rf3 Rb6 36. b3 Re4 37. g3 Rbe6 38. Kd3 Rg4 39. c4 b5
40. Rd4 Rxd4+ 41. exd4 bxc4+ 42. bxc4 Rb6 43. d5 Rb2 44. d6 Kg7 45. d7 Rb1 46.
Kc2 Rb8 47. c5 {Normal} 1-0

[Event "Rated Blitz game"]
[Site "?"]
[Date "2021.05.25"]
[Round "?"]
[White "sKorpions"]
[Black "KamranShirazi"]
[Result "0-1"]
[WhiteElo "2447"]
[BlackElo "2540"]
[PlyCount "106"]
[EventDate "2021.??.??"]
[EventType "blitz"]

1. e4 e5 2. Nf3 d5 3. exd5 e4 4. Nd4 Qxd5 5. Nb3 Bd6 6. d3 exd3 7. Qxd3 Nf6 8.
Nc3 Qxd3 9. Bxd3 Nc6 10. O-O Nb4 11. Nb5 Nxd3 12. cxd3 Bf5 13. d4 O-O-O 14.
Nxd6+ Rxd6 15. Bf4 Rd7 16. Rac1 b6 17. h3 Kb7 18. Rfe1 Be6 19. Be5 Nd5 20. a3
Re8 21. Nd2 f6 22. Bg3 Bf7 23. Rxe8 Bxe8 24. Nc4 g5 25. Ne3 Bf7 26. Nxd5 Bxd5
27. f3 c6 28. Re1 Ka6 29. h4 Rg7 30. hxg5 Rxg5 31. Kf2 Kb5 32. Re7 a5 33. Rxh7
Kc4 34. Bc7 Kb5 35. Rh6 f5 36. Rh8 Rg7 37. Be5 Rb7 38. Rf8 Bf7 39. Ke3 Kc4 40.
Kf4 Kb3 41. Rc8 Bd5 42. Rf8 Kxb2 43. Bd6 b5 44. Rxf5 b4 45. axb4 axb4 46. g4 b3
47. g5 Kc2 48. Ba3 Ra7 49. Bc5 b2 50. Bxa7 b1=Q 51. Bc5 Qc1+ 52. Ke5 Qe3+ 53.
Kf6 Qe6+ {Time forfeit} 0-1

[Event "Rated Blitz game"]
[Site "?"]
[Date "2021.05.25"]
[Round "?"]
[White "YourDentist93"]
[Black "martuliov"]
[Result "1-0"]
[WhiteElo "2405"]
[BlackElo "2370"]
[PlyCount "79"]
[EventDate "2021.??.??"]
[EventType "blitz"]

1. e4 e5 2. Nf3 d5 3. Nxe5 Bd6 4. d4 dxe4 5. Bc4 Bxe5 6. dxe5 Qxd1+ 7. Kxd1 Nc6
8. Bf4 Nge7 9. Bb5 a6 10. Bxc6+ Nxc6 11. Nc3 Bf5 12. Kc1 O-O-O 13. Rd1 Rhe8 14.
b3 Nxe5 15. Rxd8+ Kxd8 16. Kb2 Ng6 17. Bg3 c6 18. Rd1+ Ke7 19. Bd6+ Ke6 20. Na4
Kf6 21. Nc5 Bc8 22. g3 b6 23. Na4 b5 24. Nc5 Ne5 25. Nxe4+ Kf5 26. Bxe5 Kxe5
27. Re1 Be6 28. Nc5+ Kd6 29. Nxa6 Ra8 30. Nb4 c5 31. Nd3 c4 32. Nf4 Bf5 33.
Rd1+ Ke7 34. Nd5+ Kf8 35. Nc7 Rb8 36. Rd5 Be4 37. Rxb5 Rc8 38. Rc5 cxb3 39.
axb3 f5 40. Ne6+ {Normal} 1-0